[Event "38th IND-chT 2018"]
[Site "Patia"]
[Date "2018.02.11"]
[Round "5"]
[White "Narayanan.S.L"]
[Black "Sahoo, Utkal Ranjan"]
[Result "1-0"]
[WhiteElo "2573"]
[BlackElo "2252"]
[Annotator "TA"]
[PlyCount "67"]
[EventDate "2018.??.??"]
[EventType "team-tourn"]
[EventCountry "IND"]
[SourceTitle "playchess.com"]
[Source "ChessBase"]
[SourceQuality "1"]

{[%evp 20,67,63,54,60,72,71,78,93,98,114,93,114,115,129,121,119,94,137,86,99,102,108,112,108,119,107,86,236,225,349,357,366,375,382,364,489,483,29976,29977,29977,29978,29978,29979,29979,29980,29980,1333,29981,29982]} 1. c4 Nf6 2. Nc3 c6 3. e4 e5 4. Nf3 d6 5. d4 Nbd7 6. Be2 Be7 7. O-O O-O 8. Qc2 Re8 9. Rd1 Qc7 10. Rb1 Nf8 {A55: Old Indian Defence with Nf3 and e4} (10... a5 11. h3 Bf8 12. d5 Nc5 13. Bg5 Nfd7 14. b3 Na6 15. a3 h6 16. Be3 Nf6 17. b4 axb4 18. axb4 {1-0 (30) Sunilduth Lyna,N (2541)-Roy Chowdhury,S (2351) New Delhi 2017}) 11. h3 {LiveBook: 3 Games} a5 12. Be3 exd4 $146 {White is better.} ({Predecessor:} 12... Ng6 13. Bf1 b6 14. a3 Bd7 15. Qb3 {½-½ (15) Tatisic,M (2220)-Grbic,M (2295) Belgrade 2007}) 13. Nxd4 Ng6 14. f4 Bf8 15. Bd3 Bd7 16. Qf2 Rab8 17. Rbc1 b6 18. Bb1 Qc8 19. a3 (19. a4 $142) 19... Qb7 20. Nf5 Bxf5 21. exf5 {[%cal Be4f5,Bf5f6][%mdl 32]} Ne7 22. Bd4 {Strongly threatening Bxf6.} d5 23. Qh4 Nd7 (23... b5 $16) 24. cxd5 $18 ({Don't play} 24. f6 $6 Ng6) 24... Nxd5 (24... cxd5 {keeps fighting.} 25. f6 Ng6) 25. Nxd5 cxd5 26. f6 {[%csl Gb1][%cal Rh4h7]} g6 {[#]} 27. f5 $1 {[%cal Rf5g6]} Ne5 28. Re1 Nc6 (28... Bd6 $18 29. Qh6 Bf8) 29. fxg6 {[%csl Gb1,Gg6][%cal Rh4h7]} Rxe1+ 30. Rxe1 {[%csl Gb1,Gg6][%cal Rh4h7]} fxg6 {[#]} 31. Bxg6 $1 {[%mdl 512]} Nxd4 (31... hxg6 32. f7+) 32. f7+ Kg7 33. Qxh7+ Kf6 34. Bh5 {Precision: White = 73%, Black = 49%.} 1-0

[Event "38th IND-chT 2018"]
[Site "Patia"]
[Date "2018.02.11"]
[Round "5"]
[White "Sengupta, Deep"]
[Black "Shyaamnikhil, P."]
[Result "1-0"]
[WhiteElo "2572"]
[BlackElo "2394"]
[Annotator "TA"]
[PlyCount "97"]
[EventDate "2018.??.??"]
[EventType "team-tourn"]
[EventCountry "IND"]
[SourceTitle "playchess.com"]
[Source "ChessBase"]
[SourceQuality "1"]

{[%evp 22,97,33,33,48,31,35,22,43,20,109,104,105,75,78,85,70,64,155,158,195,111,106,47,61,43,69,31,20,10,35,39,43,31,43,48,39,28,22,18,33,3,69,19,22,26,135,146,141,134,118,125,121,120,115,119,131,142,189,190,406,412,391,386,491,485,615,476,655,644,1449,1439,1439,1385,1412,1260,1107,1071]} 1. e4 c5 2. Nf3 d6 3. d4 Nf6 4. Nc3 cxd4 5. Nxd4 a6 6. Be3 e5 7. Nb3 Be6 8. h3 {B90: Sicilian Najdorf: Unusual White 6th moves, 6 Be3 Ng4 and 6 Be3 e5} Be7 9. f4 exf4 10. Bxf4 Nc6 11. Qe2 Nd7 12. O-O-O {LiveBook: 99 Games} Nde5 13. Kb1 O-O 14. Nd5 {[#]} Bg5 $146 ({Predecessor:} 14... Re8 15. g4 Bf8 {0-1 (46) Asis Gargatagli,H (2483)-Morozevich,A (2695) Barcelona 2015}) 15. g3 Bxd5 (15... Bf6 $11 {keeps the balance.}) 16. exd5 $16 Nb8 17. Qd2 Bf6 18. g4 Ng6 19. Be3 Re8 (19... h6 $1 $14) 20. g5 Qe7 21. gxf6 (21. Bd3 $18 Nd7 22. gxf6 Qxe3 23. fxg7) 21... Qxe3 22. Qb4 ({White should play} 22. fxg7 $16 {And now Qb4 would win.} Qxd2 23. Nxd2) 22... Nd7 $1 $14 {[%cal Rd7f6]} 23. fxg7 Qe4 24. Qxe4 Rxe4 25. Bd3 Rh4 26. c3 Nde5 27. Bc2 Kxg7 28. Nd4 {[#] aiming for Nf5+.} Ne7 $1 29. Rdf1 Rg8 30. a4 Rh6 31. Rf4 Kh8 (31... Kf8 $1 $11) 32. Be4 Rg3 33. h4 Rg4 (33... Kg8 $11 {remains equal.}) 34. Rxg4 $16 Nxg4 35. Nf5 Nxf5 36. Bxf5 {[%mdl 4096] Endgame KRB-KRN} Ne3 37. Bc8 b6 38. Bxa6 Nxd5 39. Bc4 Rh5 40. Bb3 Re5 $2 (40... Nf6 41. Bxf7 Re5) 41. Rd1 $18 Ne3 42. Rxd6 f5 {and the idea ...f4 leaves Black hopeful.} 43. h5 {[%cal Bh4h5,Bh5h6][%mdl 32] White is clearly winning.} Re8 44. Rf6 Kg7 45. Rxb6 Rf8 46. h6+ Kh8 47. a5 {[%cal Ba4a5,Ba5a6][%mdl 32]} f4 48. a6 {[#] Intending a7 and mate.} f3 49. Be6 {Precision: White = 78%, Black = 37%.} 1-0

[Event "38th IND-chT 2018"]
[Site "Patia"]
[Date "2018.02.11"]
[Round "5"]
[White "Narayanan, Srinath"]
[Black "Deepan, Chakkravarthy J."]
[Result "0-1"]
[WhiteElo "2530"]
[BlackElo "2516"]
[Annotator "TA"]
[PlyCount "70"]
[EventDate "2018.??.??"]
[EventType "team-tourn"]
[EventCountry "IND"]
[SourceTitle "playchess.com"]
[Source "ChessBase"]
[SourceQuality "1"]

{[%evp 15,70,18,40,12,14,-11,-1,-12,-8,-1,-4,0,0,0,0,0,-6,-8,-3,-12,-12,-36,-10,-34,-32,-27,-25,-67,-71,-74,-29,-32,-31,-74,-66,-92,-85,-262,-301,-253,-197,-279,-280,-306,-306,-295,-276,-534,-528,-29987,-29988,-29984,-29982,-29990,-29991,-29991,-1252]} 1. e4 c5 2. Nf3 e6 3. d4 cxd4 4. Nxd4 Nc6 5. Nc3 a6 6. g3 d6 7. Bg2 Bd7 8. Be3 {B46: Sizilianisch (Paulsen/Taimanow-Variante)} (8. Nde2 Nf6 9. O-O Be7 10. h3 b5 11. a3 Qc7 12. g4 Bc8 13. Ng3 O-O 14. f4 Nd7 15. g5 Re8 16. Kh1 Bf8 17. f5 Nce5 18. Nce2 Bb7 19. Nd4 {1-0 (34) Kasimdzhanov,R (2683)-Alekseev,E (2616) Riadh 2017}) 8... Nf6 {LiveBook: 8 Partien} 9. h3 Be7 10. Nce2 $146 {Die Stellung ist ausgeglichen.} ({Vorgänger:} 10. Qd2 Qc7 11. f4 Rc8 {0-1 (29) Klesen,J (1116)-Dickmann,C (1302) Homburg 2010}) 10... O-O 11. O-O b5 12. g4 Rc8 13. g5 {Schwarz muss nun Sxc6 beachten.} Nh5 14. Nxc6 $1 Bxc6 15. Nd4 g6 16. Nxc6 Rxc6 17. h4 e5 {[%cal Be6e5,Be5f4][%mdl 32]} 18. c3 h6 {[%cal Bh7h6,Bh6g5][%mdl 32]} 19. Bf3 Nf4 $1 20. Bxf4 exf4 21. Kg2 hxg5 22. h5 gxh5 (22... d5 $5 23. exd5 Rd6 $11) 23. Bxh5 {[#]} d5 $1 {[%mdl 512]} 24. e5 (24. Qxd5 Qxd5) 24... Kg7 25. Bf3 Rh8 {...Tch6 ist eine echte Drohung.} 26. Qe2 $2 {[#]} (26. Rg1 $17 {ist wohl besser.}) 26... Rh4 $1 $19 {Droht stark ...g4!} 27. Rg1 b4 $40 {[%mdl 128] Schwarz greift entschieden an.} 28. Rad1 (28. Rac1 {war angesagt.}) 28... bxc3 29. bxc3 Qc8 {[%csl Gh4][%cal Rc8h3]} ({Weniger gut wäre} 29... Rxc3 30. Rh1 $17) 30. Kf1 Rxc3 31. Bxd5 $2 (31. e6 {war die einzige Chance.}) 31... Qh3+ 32. Ke1 Bb4 {Schwarz setzt Matt.} 33. Rxg5+ Kh6 34. Bg2 Rg3+ 35. Rd2 Qh1+ {Precision: Weiß = 27%, Schwarz = 81%.} (35... Qxg2 $142 36. Qxa6+ Kxg5 37. Qf6+ Kg4 38. Qg7+ Kf3 39. Kd1 Qf1+ 40. Kc2 Qc4+ 41. Kb1 Rh1+ 42. Rd1 Rxd1+ 43. Kb2 Qc3#) 0-1

[Event "38th IND-chT 2018"]
[Site "Patia"]
[Date "2018.02.11"]
[Round "5"]
[White "Thejkumar, M.S:"]
[Black "Shetty, Rahul"]
[Result "1-0"]
[WhiteElo "2500"]
[BlackElo "2166"]
[Annotator "TA"]
[PlyCount "68"]
[EventDate "2018.??.??"]
[EventType "team-tourn"]
[EventCountry "IND"]
[SourceTitle "playchess.com"]
[Source "ChessBase"]
[SourceQuality "1"]

{[%evp 9,68,33,39,14,16,14,22,22,19,20,16,11,37,19,45,20,24,25,79,62,144,113,310,148,160,168,233,170,171,156,153,156,170,169,160,136,161,162,158,162,180,172,175,160,219,213,214,207,211,204,293,243,334,373,397,340,375,396,378,377,322]} 1. d4 Nf6 2. c4 e6 3. Nf3 Bb4+ 4. Bd2 c5 5. Bxb4 cxb4 6. g4 {[%cal Bg2g4,Bg4g5][%mdl 32] E11: Bogo-Indian} (6. g3 O-O 7. Bg2 d6 8. O-O Nc6 9. a3 Re8 10. axb4 Nxb4 11. Nc3 Bd7 12. Qb3 a5 13. Ne1 Bc6 14. Nd3 Bxg2 15. Kxg2 Nxd3 16. exd3 b6 17. Nb5 Qd7 18. Qa3 Qc6+ 19. f3 Red8 20. Rfe1 h6 {½-½ (51) Vidit,S (2715)-Moiseenko,A (2667) Riadh 2017}) 6... d5 7. e3 O-O 8. Rg1 {The position is equal.} dxc4 $146 ({Predecessor:} 8... Nc6 9. Nbd2 Re8 10. g5 Nd7 11. Bd3 Nf8 12. Qc2 Bd7 13. Rd1 Rc8 {0-1 (49) Jovanic,O (2532)-Fauland,A (2451) Zadar 2010}) 9. Bxc4 b6 10. g5 Nd5 11. Nbd2 {[%cal Bb1d2,Bd2e4,Be4d6][%mdl 32]} Bb7 12. Bd3 Nd7 13. Rg3 Re8 (13... Ne7 $11) 14. Ne4 $36 {[%mdl 2048] Hoping for Nd6. White has the initiative.} Qe7 ({Black should try} 14... Re7 $14) 15. Ne5 $1 $16 {[%cal Re5d7]} Red8 $2 {[#]} (15... Nxe5 $16 {was necessary.} 16. dxe5 Red8) 16. Qh5 (16. Nxf7 $1 $18 {[%mdl 512] is the precise move to win. Black must now prevent Ned6.} Qxf7 17. Nd6) 16... g6 ({Weaker is} 16... Nxe5 17. Qxh7+ $1 {[%mdl 512]} (17. dxe5 g6 $16) 17... Kxh7 18. Nf6+ Kh8 19. Rh3#) 17. Qh6 {Strongly threatening Rh3.} Qf8 (17... Nxe5 $142 18. dxe5 Qf8) 18. Qxf8+ Kxf8 {[#]} 19. Nd6 $1 {[%cal Rd6b7]} Nxe5 20. dxe5 Rab8 21. Rc1 Rd7 22. Be4 a5 23. Bxd5 Bxd5 24. b3 Rbd8 25. Rg4 Kg7 26. Rd4 Kf8 (26... Bf3 $16 27. Rf4 Ba8) 27. Ke2 $18 Ra8 28. e4 Bb7 29. Ke3 Ba6 (29... Re7 $142 30. f4 Kg7) 30. Rc6 Rb8 31. Rd2 Ke7 32. h4 Ra7 33. Rdc2 Kd8 34. f3 Rd7 {Precision: White = 75%, Black = 42%.} 1-0

[Event "38th IND-chT 2018"]
[Site "Patia"]
[Date "2018.02.11"]
[Round "5"]
[White "Karthikeyan, P.."]
[Black "Swayams, Mishra"]
[Result "1-0"]
[WhiteElo "2464"]
[BlackElo "2439"]
[Annotator "TA"]
[PlyCount "105"]
[EventDate "2018.??.??"]
[EventType "team-tourn"]
[EventCountry "IND"]
[SourceTitle "playchess.com"]
[Source "ChessBase"]
[SourceQuality "1"]

{[%evp 20,105,39,42,47,47,110,93,119,119,114,119,130,125,120,129,127,125,125,125,168,126,148,137,127,120,135,133,133,99,95,107,131,112,116,85,164,148,146,78,102,77,128,89,166,128,133,122,127,141,143,125,227,202,192,210,198,218,222,202,220,216,425,425,427,406,417,351,336,304,298,293,363,363,362,358,356,336,378,315,298,302,308,288,320,332,1164,1097]} 1. c4 Nf6 2. Nc3 c5 3. g3 g6 4. Bg2 Bg7 5. e3 O-O 6. Nge2 d6 7. d4 cxd4 8. exd4 Nc6 9. O-O Bf5 10. h3 h5 {E61: King's Indian: Early deviations for White, including Smyslov System} 11. Bg5 {LiveBook: 7 Games} Rc8 12. b3 a5 $146 (12... Qd7 $14) ({Find the theoretical novelty and annotate with similar games:} 12... a6 13. Qd2 b5 14. cxb5 axb5 15. Bxf6 Bxf6 16. Nxb5 {1-0 (51) Kokarev,D (2612)-Konguvel,P (2412) New Delhi 2010}) 13. Qd2 $16 Re8 14. Rad1 Bd7 15. Rfe1 Rb8 16. Nb5 Nb4 17. Nec3 Na6 18. Re2 Nc7 19. a4 Ne6 20. Be3 b6 21. Na7 Qc7 {[#]} 22. Ncb5 $1 {[%cal Rb5c7]} Bxb5 23. Nxb5 Qd7 24. Nc3 Nc7 25. d5 Na6 26. Nb5 Nc5 27. Nd4 Rbc8 {[#]} (27... Kh7 $16) 28. Qc2 $1 $18 Nh7 29. Nc6 (29. Kh2 $142) 29... Nf8 30. Bf4 Bf6 ({Black should try} 30... e5 31. dxe6 Nfxe6) 31. Kh2 Nb7 (31... h4 $16) 32. Be3 Nc5 33. Bd4 Bxd4 34. Nxd4 ({Don't take} 34. Rxd4 $6 e5 $14) 34... Rcd8 35. h4 Qc7 (35... e6 $16) 36. Bh3 e5 37. dxe6 $1 fxe6 38. Nb5 Qe7 39. Bg2 {Black must now prevent Bc6.} Na6 40. Qc3 {aiming for Bc6.} Nb4 $2 (40... Rb8 {might work better.} 41. Nxd6 Red8) 41. Qe3 d5 42. cxd5 Qc5 43. d6 Qxe3 44. Rxe3 Rd7 45. Rc3 Kf7 46. Bc6 Nxc6 47. Rxc6 Rb8 48. Rdc1 Nh7 49. Rc8 Rxc8 50. Rxc8 Nf6 51. Rc6 Nd5 52. Kg2 Rb7 $2 {[#]} (52... Kf6 53. Kf3 Ke5) 53. Rc7+ $1 {[%mdl 512] Precision: White = 66%, Black = 38%.} 1-0

[Event "38th IND-chT 2018"]
[Site "Patia"]
[Date "2018.02.11"]
[Round "5"]
[White "Das, Arghyadip"]
[Black "Karthikeyan, Murali"]
[Result "1/2-1/2"]
[WhiteElo "2443"]
[BlackElo "2585"]
[Annotator "TA"]
[PlyCount "103"]
[EventDate "2018.??.??"]
[EventType "team-tourn"]
[EventCountry "IND"]
[SourceTitle "playchess.com"]
[Source "ChessBase"]
[SourceQuality "1"]

{[%evp 23,103,0,0,3,16,-4,-9,-10,0,0,54,52,83,72,89,81,134,136,127,120,120,120,132,133,134,134,135,142,140,123,130,114,121,104,115,114,114,111,100,91,91,89,104,104,104,104,104,104,104,104,104,104,104,104,104,104,104,104,104,104,104,104,104,104,104,104,104,104,104,104,104,104,104,104,104,0,0,0,104,0,0,0]} 1. e4 e5 2. Nf3 Nc6 3. Bb5 a6 4. Ba4 g6 5. O-O Bg7 6. c3 Nge7 7. d4 exd4 8. cxd4 b5 {C60: Ruy Lopez: Unusual Black 3rd moves and 3...g6} 9. Bb3 (9. Bc2 d6 10. Nc3 Bg4 11. Be3 O-O 12. Qd2 Bxf3 13. gxf3 f5 14. Ne2 Qd7 15. Kh1 Kh8 16. a4 {1-0 (47) Saric,I (2669)-Movsesian,S (2647) Riadh 2017}) 9... O-O 10. Nc3 Na5 11. Bc2 d6 12. h3 c5 {LiveBook: 116 Games} 13. dxc5 dxc5 14. Qxd8 Rxd8 15. Be3 Nc4 16. Bxc5 {[#]} Re8 $146 (16... Nc6 $11) 17. Bb3 $14 Nxb2 18. Nd5 Nxd5 19. Bxd5 Rb8 ({Black should try} 19... Na4) 20. Ba7 $36 {[%mdl 2048] White is in control.} Rb7 21. Bxb7 Bxb7 22. Bd4 Rxe4 23. Rae1 Bxd4 24. Rxe4 Bxe4 25. Nxd4 {[%mdl 4096] Endgame KRN-KBN} Bd5 26. Rc1 Nd3 27. Rc8+ Kg7 28. Rd8 Bxa2 {[#]} 29. Nxb5 $1 {[%mdl 512]} axb5 30. Rxd3 {KR-KB} Kf6 31. f4 Kf5 32. Rd4 h5 {[#]} 33. g3 $1 Be6 34. Kg2 Kf6 35. Rd6 b4 36. Rb6 b3 37. Kf3 Ke7 38. h4 Kd7 39. Ke4 Kc7 40. Rb4 Kd6 {White must now prevent ...Kc5.} 41. Kd4 Kc6 42. Rb8 Kc7 {[#]} 43. Rb5 $1 Kc6 44. Rb4 Kd6 45. Rb6+ Kc7 46. Kc5 Kd7 47. Rb7+ Kc8 48. Rb4 Kc7 49. Ra4 (49. Rb5 $16) 49... Bf5 $1 $11 50. Rb4 (50. Ra7+ $11 Kc8 51. Ra8+ Kc7 52. Ra7+ Kc8 53. Ra8+ Kc7 54. Ra7+) 50... Be6 $16 51. Ra4 (51. Rd4 $16) 51... Bf5 $1 $11 52. Rb4 {Precision: White = 82%, Black = 79%.} 1/2-1/2

[Event "38th IND-chT 2018"]
[Site "Patia"]
[Date "2018.02.11"]
[Round "5"]
[White "Nitin, S.."]
[Black "Ganguly, Surya Shekhar"]
[Result "*"]
[WhiteElo "2402"]
[BlackElo "2650"]
[Annotator "TA"]
[PlyCount "69"]
[EventDate "2018.??.??"]
[EventType "team-tourn"]
[EventCountry "IND"]
[SourceTitle "playchess.com"]
[Source "ChessBase"]
[SourceQuality "1"]

{[%evp 17,69,26,25,32,45,7,5,1,25,0,0,0,0,-8,-14,-47,-49,-50,-46,-43,-48,-53,-35,-60,-55,-50,-54,-61,-61,-61,-60,-71,-65,-66,-58,-66,-65,-64,-58,-63,-49,-53,-54,-54,-54,-111,-118,-120,-62,-54,-45,-54,-42,-725]} 1. e4 c5 2. Nf3 e6 3. d4 cxd4 4. Nxd4 Nc6 5. Nc3 Qc7 6. Be3 a6 7. Qf3 {B48: Sicilian: Taimanov: 5 Nc3 Qc7 6 Be3 a6 without Be2} (7. Qd2 Nf6 8. f4 Bb4 9. Bd3 Na5 10. a3 Bxc3 11. Qxc3 Qxc3+ 12. bxc3 d5 13. exd5 exd5 14. Nb3 Nc4 15. Bd4 Ne4 {1-0 (57) Carlsen,M (2834)-Matlakov,M (2718) Wijk aan Zee 2018}) 7... Nf6 8. O-O-O h5 9. Nxc6 dxc6 {LiveBook: 3 Games} 10. Qg3 e5 $146 {[#] White must now prevent ...h4.} ({Find the theoretical novelty and annotate with similar games:} 10... Qxg3 11. hxg3 b5 12. Be2 e5 13. Bg5 Be7 14. f4 Ng4 15. Bxe7 Kxe7 {½-½ (15) Poetsch,H (2474)-Milov,L (2391) Frankfurt 2017}) 11. f3 Be6 12. Be2 Nd7 13. f4 h4 14. Qf2 {aiming for f5.} exf4 $1 15. Bxf4 Qa5 16. Qd4 Bc5 17. Qa4 ({Reject} 17. Qxg7 O-O-O $11) 17... Bb4 18. Qxa5 Bxa5 19. Rd3 O-O-O 20. Rhd1 Bc7 21. Bxc7 Kxc7 22. h3 Rde8 23. Rf3 Ne5 24. Rf4 b5 {[%cal Bb7b5,Bb5b4][%mdl 32]} 25. b3 a5 26. a4 b4 27. Nb1 g5 28. Rf6 Rd8 29. Nd2 Rd4 30. Re1 Kd6 31. Bd1 (31. Rf2 $15) 31... Ke7 32. Rf2 {[#]} c5 (32... Rhd8 $1 $17 33. Nf3 Nxf3 34. Bxf3 c5) 33. Be2 $1 $15 {Black is slightly better.} Rhd8 34. Bb5 f6 35. Kb2 $2 {[%mdl 8192] Precision: White = 43%, Black = 61%.} (35. Ref1 $15) *

[Event "38th IND-chT 2018"]
[Site "Patia"]
[Date "2018.02.11"]
[Round "5"]
[White "Satyapragyan, Swayangsu"]
[Black "Swapnil, S. Dhopade"]
[Result "1/2-1/2"]
[WhiteElo "2398"]
[BlackElo "2531"]
[Annotator "TA"]
[PlyCount "42"]
[EventDate "2018.??.??"]
[EventType "team-tourn"]
[EventCountry "IND"]
[SourceTitle "playchess.com"]
[Source "ChessBase"]
[SourceQuality "1"]

{[%evp 18,42,-14,-37,0,-2,10,-34,4,-10,-12,-39,0,0,0,0,0,0,10,16,39,41,46,0,14,0,48]} 1. e4 c6 2. Nc3 d5 3. Nf3 Nf6 4. e5 Ne4 5. Ne2 Qb6 6. d4 {B11: Caro-Kann: Two Knights Variation} e6 7. Ng3 c5 8. Bd3 Nxg3 9. hxg3 {[%cal Bh2g3,Bg3g4][%mdl 32]} cxd4 10. a3 {LiveBook: 7 Games} h6 $146 ({Find the theoretical novelty and annotate with similar games:} 10... Nc6 11. b4 Bd7 12. Bf4 h6 13. g4 {½-½ (57) Solak,D (2632)-Eljanov,P (2723) Kocaeli 2014}) 11. g4 Nc6 12. Kf1 Bd7 13. b4 O-O-O 14. Bf4 f6 15. Qe2 fxe5 16. Bxe5 Nxe5 17. Nxe5 Bd6 18. Re1 Be8 19. Ng6 {[%mdl 1024] White has compensation.} Bd7 20. Ne5 Be8 21. Ng6 Bd7 $1 {Precision: White = 42%, Black = 50%.} 1/2-1/2

[Event "38th IND-chT 2018"]
[Site "Patia"]
[Date "2018.02.11"]
[Round "5"]
[White "Sidhant, Mohapatra"]
[Black "Stany, G.A:"]
[Result "0-1"]
[WhiteElo "2389"]
[BlackElo "2500"]
[Annotator "TA"]
[PlyCount "86"]
[EventDate "2018.??.??"]
[EventType "team-tourn"]
[EventCountry "IND"]
[SourceTitle "playchess.com"]
[Source "ChessBase"]
[SourceQuality "1"]

{[%evp 16,86,8,0,0,0,8,-11,-11,-38,-38,-59,-54,-66,-77,-79,-80,-75,-56,-72,-60,-82,-97,-147,-124,-120,-107,-113,-125,-122,-122,-123,-117,-225,-214,-218,-226,-237,-234,-232,-233,-229,-229,-226,-225,-229,-233,-235,-227,-234,-229,-232,-204,-233,-185,-216,-212,-223,-216,-240,-242,-251,-231,-243,-246,-248,-253,-421,-405,-411,-425,-589,-584]} 1. e4 e5 2. Nf3 Nc6 3. Bb5 a6 4. Ba4 Nf6 5. d3 b5 6. Bb3 Be7 7. Nc3 d6 8. a3 {C77: Ruy Lopez: 3...a6 4 Ba4 Nf6, unusual lines} O-O 9. Nd5 {LiveBook: 15 Games} Na5 {[%cal Bc6a5,Ba5b7,Bb7c5][%mdl 32]} 10. Ba2 {The position is equal.} Nxd5 11. exd5 $146 ({Predecessor:} 11. Bxd5 c6 12. Ba2 Bf6 13. O-O Re8 14. b4 Nb7 15. c4 Be6 {½-½ (23) Rapport,R (2692)-Aronian,L (2785) Sharjah 2017}) 11... Nb7 12. O-O Bg4 13. Qe2 Nc5 14. b4 Nd7 15. Qe3 f5 16. Bb2 Kh8 17. c4 Bf6 18. Rac1 a5 {Strongly threatening ...axb4.} 19. Bc3 bxc4 20. Bxc4 axb4 21. Bxb4 Nb6 22. Bb3 Bh5 23. Rc6 Be8 24. Qc1 (24. Rc3 $17) 24... Bxc6 $19 25. Qxc6 Qd7 26. Rc1 Qxc6 27. Rxc6 Ra7 28. Nd2 Rb8 29. g3 Nc8 30. Rc2 Ne7 31. Bc4 Kg8 32. Nb3 Rba8 33. Kg2 Kf8 34. Ra2 Ra4 35. Rc2 Ke8 36. Bb5+ Kd8 37. Bxa4 Rxa4 38. Rc4 {intending Bxd6.} Ra8 ({Don't do} 38... Nxd5 39. Bxd6 Rxc4 40. dxc4 $17) 39. Na5 {Now Nc6+ and White clings on.} Nxd5 40. Bd2 Kd7 41. f4 $2 (41. Kf3 {keeps fighting.}) 41... exf4 42. gxf4 c5 43. Rc1 {[#]} Nxf4+ $1 {[%mdl 512] Precision: White = 33%, Black = 81%.} 0-1

[Event "38th IND-chT 2018"]
[Site "Patia"]
[Date "2018.02.11"]
[Round "5"]
[White "Rajesh, V A V"]
[Black "Nayak Sajan Kumar"]
[Result "1-0"]
[WhiteElo "2315"]
[BlackElo "1719"]
[Annotator "TA"]
[PlyCount "107"]
[EventDate "2018.??.??"]
[EventType "team-tourn"]
[EventCountry "IND"]
[SourceTitle "playchess.com"]
[Source "ChessBase"]
[SourceQuality "1"]

{[%evp 17,107,14,16,21,50,37,20,28,68,77,88,64,65,31,44,28,28,21,38,22,22,18,41,8,35,27,39,27,20,10,11,1,13,-26,65,65,72,61,67,58,113,98,90,90,98,97,122,127,127,109,417,416,536,532,523,439,672,553,704,716,793,684,693,685,689,649,658,648,874,866,715,698,627,594,958,1015,944,742,748,742,740,702,759,745,718,707,886,840,5891,6099,5535,4617]} 1. d4 Nf6 2. c4 e6 3. Nc3 d5 4. cxd5 exd5 5. Nf3 c6 6. Bg5 Nbd7 7. e3 Bd6 8. Bd3 h6 {D35: Queen's Gambit Declined: Exchange Variation} (8... Nf8 9. O-O Ng6 10. e4 dxe4 11. Nxe4 O-O 12. Nxf6+ gxf6 13. Bh6 Re8 14. Qb3 Qb6 15. Qc3 Bb4 16. Qb3 Bf8 17. Qxb6 axb6 {½-½ (58) Riazantsev,A (2684)-Fedoseev,V (2668) Taganrog 2015}) 9. Bh4 O-O {LiveBook: 4 Games} 10. O-O Qc7 {The position is equal.} 11. Qc2 Ng4 {[%cal Rd6h2]} 12. h3 Nh2 13. Nxh2 Bxh2+ 14. Kh1 {[#] Threatens to win with f4.} Bd6 15. f4 Nb6 $146 ({Predecessor:} 15... Re8 16. Rf3 Nb6 17. Rc1 Nd7 18. Nxd5 {1-0 (18) Krajnc,O-Klavcic,K Slovenia 1993}) 16. Rae1 f5 17. Ne2 {[%cal Bc3e2,Be2g1,Bg1f3,Bf3d4][%mdl 32]} Qf7 18. Ng1 Be6 19. Nf3 Rac8 20. Qd2 c5 21. dxc5 Rxc5 22. Nd4 Bd7 23. Rc1 Nc4 24. Qf2 Re8 25. Rce1 Ra5 (25... a6 $11) 26. b3 $14 Na3 27. Qd2 b6 $1 28. Rd1 Qf8 (28... Rc5 $14) 29. Be1 $16 Rc5 30. Qe2 $36 {[%mdl 2048] Black is under strong pressure.} Rc7 31. Qh5 {[%cal Rd4f5]} Rxe3 32. Bxf5 Be8 33. Be6+ Rxe6 $4 {[%mdl 8192]} (33... Kh8 $16 {is a better chance.} 34. Qxd5 Nb5) 34. Qxd5 $18 Rc5 35. Qxe6+ {White is clearly winning.} Bf7 36. Qe3 Rh5 (36... Nc2 $142 37. Nxc2 Rxc2) 37. Bc3 Bc5 38. Qf3 Rd5 39. f5 Bxd4 40. Rxd4 Rxd4 41. Bxd4 Nb5 42. Be5 Qe7 43. Qg3 {[%csl Ge5][%cal Rg3g7]} Qg5 44. Qxg5 hxg5 {[%mdl 4096] Endgame KRB-KBN} 45. Rd1 a6 46. Rd8+ Kh7 47. Rd7 Kg8 48. Kg1 Na3 49. Kf2 Nc2 50. Bc3 a5 51. Ke2 a4 52. bxa4 Na3 {[#]} 53. Rxf7 $1 Kxf7 54. Kd3 {Precision: White = 73%, Black = 40%.} 1-0